000 00672nmc a2200253 a 4500
003 AR-BaBNM
005 20251128202931.0
008 266019s1960 ||||||||||||||000 | spa||
040 _cAR-BaBNM
100 1 _aCárcano, Ramón J.
_d1860-1946
245 1 0 _aJuan Facundo Quiroga
_bsimulación : infidencia : tragedia
260 _aBuenos Aires
_bLosada
_c1960
300 0 _a259 p.
490 0 _aContemporánea
650 4 _aHISTORIA ARGENTINA
650 4 _aBIOGRAFIAS
650 4 _aGUERRAS CIVILES ARGENTINAS
650 4 _aCAUDILLOS ARGENTINOS
650 4 _aROSAS Y SU TIEMPO
650 4 _aMONTONERAS
655 _aBIOGRAFIAS
942 _cBK
998 _cEnrique
999 _c1208
_d1208